| 000 | 00659nam a2200217 i 4500 | ||
|---|---|---|---|
| 001 | 105842 | ||
| 003 | ES-MaACL | ||
| 005 | 20230906184005.0 | ||
| 007 | t| | ||
| 008 | 060901s1973 fr ||||1| fre d | ||
| 080 | _a62/69:008 | ||
| 080 | _a338.1 | ||
| 100 | 1 |
_aCharbonneau, Bernard. _938058 |
|
| 245 | 1 | 3 |
_aLe système et le chaos _b: critique du développement exponentiel / _cBernard Charbonneau. |
| 260 |
_aParis : _bAnthropos, _c[1973] |
||
| 300 |
_a413 p. ; _c19 cm. |
||
| 500 | _aBiblioteca Juan Andrade. | ||
| 650 | 1 | 4 |
_aTecnología y civilización. _917420 |
| 650 | 4 |
_aDesarrollo económico. _9153584 |
|
| 852 |
_aES-MaACL _jAND-659 _bR.109956 |
||
| 999 |
_c105842 _d105842 |
||